[Event "Baden-ch"]
[Site "Niefern"]
[Date "2019.07.25"]
[Round "2"]
[White "Weisenburger, Horst"]
[Black "Leibbrand, Udo Manfred"]
[Result "1/2-1/2"]
[WhiteElo "2106"]
[BlackElo "2036"]
[PlyCount "47"]
[EventDate "2019.07.24"]
[EventType "swiss"]
[EventRounds "7"]
[EventCountry "GER"]
[SourceTitle "CBM 191 Extra"]
[Source "ChessBase"]
[SourceDate "2019.09.30"]
[SourceVersion "1"]
[SourceVersionDate "2019.09.30"]
[SourceQuality "1"]

1. d4 Nf6 2. Bf4 d6 3. Nc3 Nbd7 4. Nf3 Nh5 5. Bg5 h6 6. Bd2 e5 7. e4 Nhf6 8. Bc4 c6 9. a4 Be7 10. Qe2 Qc7 11. d5 Nf8 12. a5 a6 13. Be3 Bg4 14. Bb6 Qc8 15. h3 Bd7 16. Be3 Ng6 17. g4 Nh7 18. dxc6 Bxc6 19. Nd2 Ng5 20. h4 Ne6 21. h5 Ngf4 22. Bxe6 Ng2+ 23. Kf1 Nxe3+ 24. Qxe3 1/2-1/2

[Event "WchT Seniors 65"]
[Site "Dresden"]
[Date "2018.07.15"]
[Round "9.4"]
[White "Weisenburger, Horst"]
[Black "Belinchis, Valerii"]
[Result "1-0"]
[WhiteElo "2096"]
[BlackElo "1881"]
[PlyCount "77"]
[EventDate "2018.07.07"]
[EventType "team-swiss"]
[EventRounds "9"]
[EventCountry "GER"]
[SourceTitle "CBM 185 Extra"]
[Source "ChessBase"]
[SourceDate "2018.07.29"]
[SourceVersion "1"]
[SourceVersionDate "2018.07.29"]
[SourceQuality "1"]
[WhiteTeam "Schwaebische Franken"]
[BlackTeam "Moldova"]
[WhiteTeamCountry "GER"]
[BlackTeamCountry "MDA"]

1. d4 Nf6 2. Bf4 c5 3. d5 d6 4. Nc3 g6 5. Qd2 a6 6. a4 Qa5 7. Ra3 Bg7 8. Nf3 Nbd7 9. e4 Nh5 10. Bh6 0-0 11. Be2 Re8 12. 0-0 Nhf6 13. Nh4 Qb4 14. Bxg7 Kxg7 15. Rb3 Qd4 16. Qg5 Kh8 17. Nf3 Nxe4 18. Qh4 Qf6 19. Qxe4 Nf8 20. Qe3 e5 21. Ne4 Qe7 22. Nfg5 f5 23. Nxd6 f4 24. Ngf7+ Kg7 25. Qc3 Nd7 26. Nxe8+ Kxf7 27. Nc7 Ra7 28. Ne6 b6 29. Qh3 Kg8 30. Qh6 Nf6 31. Qg5 Nxd5 32. Qxe7 Rxe7 33. Ng5 Kg7 34. Bc4 Nb4 35. c3 Nc6 36. Rxb6 Na5 37. Bxa6 Bf5 38. b4 Nb3 39. Rb7 1-0

[Event "GER-chT Seniors 25th"]
[Site "Magdeburg"]
[Date "2016.10.10"]
[Round "2.12"]
[White "Gehrmann, Rudolf Rainer"]
[Black "Weisenburger, Horst"]
[Result "1/2-1/2"]
[WhiteElo "2123"]
[BlackElo "2152"]
[PlyCount "32"]
[EventDate "2016.10.09"]
[EventType "team-swiss"]
[EventRounds "7"]
[EventCountry "GER"]
[SourceTitle "EXT 2019"]
[Source "ChessBase"]
[SourceDate "2018.10.10"]
[SourceVersion "1"]
[SourceVersionDate "2018.10.10"]
[SourceQuality "1"]
[WhiteTeam "Schleswig Holstein"]
[BlackTeam "Wuerttemberg"]
[WhiteTeamCountry "GER"]
[BlackTeamCountry "GER"]

1. c4 f5 2. Nf3 Nf6 3. Nc3 d6 4. d4 g6 5. g3 Bg7 6. Bg2 0-0 7. 0-0 c6 8. Bg5 Ne4 9. Be3 Nxc3 10. bxc3 Nd7 11. Qb3 e5 12. c5+ d5 13. dxe5 Nxe5 14. Nxe5 Bxe5 15. Bd4 Bxd4 16. cxd4 b5 1/2-1/2

[Event "WchT Seniors 65"]
[Site "Radebeul"]
[Date "2016.06.27"]
[Round "2.2"]
[White "Jorgensen, Arne Bjorn"]
[Black "Weisenburger, Horst"]
[Result "1/2-1/2"]
[WhiteElo "1955"]
[BlackElo "2170"]
[PlyCount "47"]
[EventDate "2016.06.26"]
[EventType "team-swiss"]
[EventRounds "9"]
[EventCountry "GER"]
[SourceTitle "CBM 173 Extra"]
[Source "ChessBase"]
[SourceDate "2016.08.29"]
[SourceVersion "1"]
[SourceVersionDate "2016.08.29"]
[SourceQuality "1"]
[WhiteTeam "Denmark"]
[BlackTeam "Eck Gunners"]
[WhiteTeamCountry "DEN"]
[BlackTeamCountry "GER"]

1. d4 f5 2. Nf3 Nf6 3. c4 d6 4. Nc3 g6 5. g3 Bg7 6. Bg2 0-0 7. 0-0 c6 8. Re1 Ne4 9. Qb3 Nxc3 10. bxc3 Kh8 11. Bf4 h6 12. h4 Nd7 13. e4 e5 14. Bd2 Qf6 15. exf5 gxf5 16. Qc2 Qf7 17. d5 cxd5 18. cxd5 e4 19. Nd4 Qxd5 20. Be3 Ne5 21. Red1 Qc4 22. Rab1 b6 23. Nb5 d5 24. Qd2 1/2-1/2

[Event "GER-chT Seniors 24th"]
[Site "Berlin"]
[Date "2015.09.12"]
[Round "7.4"]
[White "Weisenburger, Horst"]
[Black "Jolowicz, Matias"]
[Result "1-0"]
[WhiteElo "2153"]
[BlackElo "2159"]
[PlyCount "107"]
[EventDate "2015.09.06"]
[EventType "team-swiss"]
[EventRounds "7"]
[EventCountry "GER"]
[SourceTitle "EXT 2018"]
[Source "ChessBase"]
[SourceDate "2017.10.13"]
[SourceVersion "1"]
[SourceVersionDate "2017.10.13"]
[SourceQuality "1"]
[WhiteTeam "Brandenburg II"]
[BlackTeam "Brandenburg"]
[WhiteTeamCountry "GER"]
[BlackTeamCountry "GER"]

1. f4 g6 2. Nf3 Bg7 3. g3 d6 4. Bg2 e5 5. fxe5 dxe5 6. e4 Ne7 7. 0-0 0-0 8. d3 Nbc6 9. Be3 f6 10. Qd2 Be6 11. c3 Qd7 12. d4 exd4 13. cxd4 Bh3 14. d5 Ne5 15. Nxe5 fxe5 16. Bxh3 Qxh3 17. Na3 a6 18. Qb4 Rxf1+ 19. Rxf1 Rf8 20. Rxf8+ Bxf8 21. Bc5 Qh6 22. Qc3 Qg7 23. Nc4 Nc8 24. Bxf8 Kxf8 25. Nxe5 Nd6 26. Qf3+ Ke7 27. Nd3 Qd4+ 28. Nf2 Qxb2 29. Qf4 Qf6 30. Kg2 Qxf4 31. gxf4 Nb5 32. Nd1 c6 33. dxc6 bxc6 34. Kf2 Kf6 35. h4 Ke6 36. Ke3 Kd6 37. Kd3 Nc7 38. e5+ Kc5 39. Nc3 Ne6 40. Ne2 Kd5 41. Nc3+ Kc5 42. Ne4+ Kd5 43. Nf6+ Kc5 44. Ke4 Kb4 45. Nxh7 c5 46. Ng5 Ng7 47. e6 c4 48. e7 Ka3 49. Ne6 Ne8 50. Kd4 Kxa2 51. Kxc4 Kb2 52. Nc5 a5 53. f5 a4 54. Nxa4+ 1-0

[Event "GER-chT Seniors 24th"]
[Site "Berlin"]
[Date "2015.09.06"]
[Round "1.4"]
[White "Ranker, Klemens"]
[Black "Weisenburger, Horst"]
[Result "0-1"]
[WhiteElo "1864"]
[BlackElo "2153"]
[PlyCount "70"]
[EventDate "2015.09.06"]
[EventType "team-swiss"]
[EventRounds "7"]
[EventCountry "GER"]
[SourceTitle "EXT 2018"]
[Source "ChessBase"]
[SourceDate "2017.10.13"]
[SourceVersion "1"]
[SourceVersionDate "2017.10.13"]
[SourceQuality "1"]
[WhiteTeam "Rheinland Pfalz Seniors II"]
[BlackTeam "Wuerttemberg Seniors"]
[WhiteTeamCountry "GER"]
[BlackTeamCountry "GER"]

1. e4 c5 2. Bc4 Nc6 3. Nc3 Nf6 4. d3 e6 5. Nge2 a6 6. a4 d5 7. exd5 exd5 8. Bb3 d4 9. Nb1 Bd6 10. h3 0-0 11. Bg5 Ne5 12. Nd2 Bf5 13. Ng3 Nxd3+ 14. cxd3 Bxd3 15. Qf3 Re8+ 16. Kd1 Bxg3 17. Qxg3 Be2+ 18. Kc1 c4 19. Bd1 c3 20. bxc3 Rc8 21. Ra3 Qe7 22. Nb1 b5 23. Re1 d3 24. axb5 axb5 25. Rb3 b4 26. Kb2 bxc3+ 27. Nxc3 Rxc3 28. Rxc3 Qb4+ 29. Rb3 Qxe1 30. Bxf6 Qd2+ 31. Kb1 Qxd1+ 32. Ka2 Qc2+ 33. Bb2 f6 34. Rb8 Qa4+ 35. Kb1 d2 0-1

[Event "GER-chA Seniors 27th"]
[Site "Magdeburg"]
[Date "2015.08.16"]
[Round "2"]
[White "Weisenburger, Horst"]
[Black "Reimer, Otto"]
[Result "1-0"]
[WhiteElo "2145"]
[BlackElo "1957"]
[PlyCount "79"]
[EventDate "2015.08.15"]
[EventType "swiss"]
[EventRounds "9"]
[EventCountry "GER"]
[SourceTitle "EXT 2018"]
[Source "ChessBase"]
[SourceDate "2017.10.13"]
[SourceVersion "1"]
[SourceVersionDate "2017.10.13"]
[SourceQuality "1"]

1. f4 c5 2. Nf3 Nf6 3. g3 Nc6 4. Bg2 g6 5. d3 Bg7 6. e4 d6 7. 0-0 e6 8. Nc3 0-0 9. h3 a6 10. Be3 Nd7 11. Qd2 Nd4 12. Qf2 Qb6 13. Nd1 a5 14. Nh4 a4 15. c3 Nc6 16. f5 Nce5 17. Qe2 Qa6 18. Nf2 a3 19. b3 b5 20. d4 cxd4 21. Bxd4 Bb7 22. Ng4 exf5 23. exf5 f6 24. fxg6 hxg6 25. Bxe5 fxe5 26. Nxg6 Rxf1+ 27. Rxf1 d5 28. Ne7+ Kh7 29. Nxd5 Bxd5 30. Bxd5 Re8 31. Qe4+ Kh8 32. Rf5 Qg6 33. Bf7 Qb6+ 34. Kg2 Re6 35. Qa8+ Bf8 36. Bxe6 Qxe6 37. Rf6 Nxf6 38. Qxf8+ Kh7 39. Nxf6+ Kg6 40. Qe8+ 1-0

[Event "Wuertemberg-ch Seniors 27th"]
[Site "Freudenstadt"]
[Date "2015.07.10"]
[Round "9"]
[White "Weisenburger, Horst"]
[Black "Reichstein, Hans Joerg"]
[Result "0-1"]
[WhiteElo "2179"]
[BlackElo "2080"]
[PlyCount "48"]
[EventDate "2015.07.03"]
[EventType "swiss"]
[EventRounds "9"]
[EventCountry "GER"]
[SourceTitle "EXT 2016"]
[Source "ChessBase"]
[SourceDate "2015.10.08"]
[SourceVersion "1"]
[SourceVersionDate "2015.10.08"]
[SourceQuality "1"]

1. e4 e5 2. Nf3 Nc6 3. d4 Nf6 4. dxe5 Nxe4 5. Bc4 Nc5 6. 0-0 Be7 7. Nc3 0-0 8. Nd5 Ne6 9. Be3 b6 10. Qd2 Bb7 11. Rad1 Bc5 12. Bh6 d6 13. Nf6+ gxf6 14. Bxf8 Qxf8 15. exf6 Kh8 16. Rfe1 Qg8 17. Bxe6 fxe6 18. Ng5 Ne5 19. Qf4 Nf7 20. Nxf7+ Qxf7 21. b4 e5 22. Qh4 Bd4 23. Rxd4 exd4 24. Qxd4 Rf8 0-1

[Event "Wuertemberg-ch Seniors 27th"]
[Site "Freudenstadt"]
[Date "2015.07.08"]
[Round "6"]
[White "Sand, Rolf"]
[Black "Weisenburger, Horst"]
[Result "1/2-1/2"]
[WhiteElo "1983"]
[BlackElo "2179"]
[PlyCount "56"]
[EventDate "2015.07.03"]
[EventType "swiss"]
[EventRounds "9"]
[EventCountry "GER"]
[SourceTitle "EXT 2016"]
[Source "ChessBase"]
[SourceDate "2015.10.08"]
[SourceVersion "1"]
[SourceVersionDate "2015.10.08"]
[SourceQuality "1"]

1. c4 f5 2. g3 e5 3. d4 exd4 4. Qxd4 Nc6 5. Qe3+ Be7 6. Nf3 Nf6 7. Nc3 Ng4 8. Qd2 0-0 9. Bg2 Qe8 10. 0-0 d6 11. Nd5 Bd8 12. b3 Nce5 13. Bb2 Nf6 14. Nxf6+ Bxf6 15. Rac1 f4 16. c5 fxg3 17. hxg3 Ng4 18. Nh2 Bxb2 19. Qxb2 Nxh2 20. Kxh2 Qh5+ 21. Kg1 dxc5 22. Bf3 Rxf3 23. exf3 Bh3 24. g4 Qd5 25. Qc3 Bxf1 26. Kxf1 Rf8 27. Kg2 Rf4 28. Qe3 Rf8 1/2-1/2

[Event "Wuertemberg-ch Seniors 27th"]
[Site "Freudenstadt"]
[Date "2015.07.03"]
[Round "1"]
[White "Weisenburger, Horst"]
[Black "Duerr, Hanno"]
[Result "1-0"]
[WhiteElo "2179"]
[BlackElo "1912"]
[PlyCount "105"]
[EventDate "2015.07.03"]
[EventType "swiss"]
[EventRounds "9"]
[EventCountry "GER"]
[SourceTitle "EXT 2016"]
[Source "ChessBase"]
[SourceDate "2015.10.08"]
[SourceVersion "1"]
[SourceVersionDate "2015.10.08"]
[SourceQuality "1"]

1. f4 d5 2. Nf3 Nf6 3. d3 c5 4. g3 Nc6 5. Bg2 g6 6. 0-0 Bg7 7. Qe1 0-0 8. h3 Qc7 9. Qf2 b6 10. Nc3 a6 11. e4 dxe4 12. dxe4 e5 13. Nd5 Nxd5 14. exd5 e4 15. Ng5 Nb4 16. Bxe4 Ra7 17. c3 h6 18. cxb4 hxg5 19. bxc5 bxc5 20. Bg2 Bd4 21. Be3 gxf4 22. gxf4 Qb6 23. Bxd4 cxd4 24. Rfd1 Rc7 25. Qxd4 Qxd4+ 26. Rxd4 Bf5 27. Rad1 Rc2 28. R1d2 Rfc8 29. Kf2 Kf8 30. Bf1 a5 31. Ba6 Rxd2+ 32. Rxd2 Rb8 33. h4 Rb6 34. Bc4 Rd6 35. Ke3 Ke7 36. Kd4 Rd8 37. Bb5 Kd6 38. Rd1 Rb8 39. a4 Rc8 40. Bc6 Rb8 41. Kc3 Rb4 42. Rd4 Rb8 43. b4 axb4+ 44. Rxb4 Rh8 45. a5 Rxh4 46. a6 Rh3+ 47. Kb2 Rh2+ 48. Ka3 Rh3+ 49. Rb3 Rh1 50. Kb4 Ra1 51. Ra3 Rb1+ 52. Ka5 Kc7 53. a7 1-0

[Event "GER-chT Seniors 23rd"]
[Site "Bergen"]
[Date "2014.09.05"]
[Round "6.3"]
[White "Haubt, Georg"]
[Black "Weisenburger, Horst"]
[Result "0-1"]
[WhiteElo "2204"]
[BlackElo "2173"]
[PlyCount "60"]
[EventDate "2014.09.01"]
[EventType "team-swiss"]
[EventRounds "7"]
[EventCountry "GER"]
[SourceTitle "EXT 2018"]
[Source "ChessBase"]
[SourceDate "2017.10.13"]
[SourceVersion "1"]
[SourceVersionDate "2017.10.13"]
[SourceQuality "1"]

1. e4 c5 2. Nf3 d6 3. c3 Nf6 4. Bd3 Nc6 5. Bc2 Bg4 6. h3 Bh5 7. d3 d5 8. Qe2 e6 9. Bg5 Be7 10. Nbd2 d4 11. g4 dxc3 12. bxc3 Bg6 13. Nc4 h6 14. Bf4 b5 15. Nce5 Nxe5 16. Nxe5 Qa5 17. Qd2 c4 18. Nxg6 fxg6 19. d4 b4 20. 0-0 0-0 21. Rfb1 bxc3 22. Qe2 Nh5 23. Be3 Nf4 24. Qxc4 Qg5 25. Qf1 Qh4 26. Kh2 Bg5 27. Re1 h5 28. Bd1 c2 29. Be2 Nxe2 30. Bxg5 Rxf2+ 0-1

[Event "GER-chT Seniors 23rd"]
[Site "Bergen"]
[Date "2014.09.04"]
[Round "4.3"]
[White "Weisenburger, Horst"]
[Black "Rust Lux, Klaus"]
[Result "1-0"]
[WhiteElo "2173"]
[BlackElo "2104"]
[PlyCount "43"]
[EventDate "2014.09.01"]
[EventType "team-swiss"]
[EventRounds "7"]
[EventCountry "GER"]
[SourceTitle "EXT 2018"]
[Source "ChessBase"]
[SourceDate "2017.10.13"]
[SourceVersion "1"]
[SourceVersionDate "2017.10.13"]
[SourceQuality "1"]

1. e4 c5 2. d4 cxd4 3. c3 d5 4. exd5 Qxd5 5. cxd4 Nc6 6. Nf3 e6 7. Nc3 Qa5 8. Bb5 Bb4 9. 0-0 Bxc3 10. Bxc6+ bxc6 11. bxc3 Ba6 12. Re1 Ne7 13. Bd2 Qc7 14. Ne5 Ng6 15. Qh5 Nxe5 16. Rxe5 0-0 17. Re3 g6 18. Qh6 Rac8 19. Rae1 Bc4 20. Rh3 f6 21. Bf4 Qg7 22. Qxg7+ 1-0

[Event "GER-chT Seniors 23rd"]
[Site "Bergen"]
[Date "2014.09.01"]
[Round "1.3"]
[White "Burger, Heinrich"]
[Black "Weisenburger, Horst"]
[Result "1/2-1/2"]
[WhiteElo "2097"]
[BlackElo "2173"]
[PlyCount "34"]
[EventDate "2014.09.01"]
[EventType "team-swiss"]
[EventRounds "7"]
[EventCountry "GER"]
[SourceTitle "EXT 2018"]
[Source "ChessBase"]
[SourceDate "2017.10.13"]
[SourceVersion "1"]
[SourceVersionDate "2017.10.13"]
[SourceQuality "1"]

1. d4 f5 2. c4 Nf6 3. g3 g6 4. Bg2 Bg7 5. Nf3 d6 6. Nbd2 0-0 7. b3 e5 8. e3 exd4 9. Nxd4 Ng4 10. Bb2 Qe7 11. Rb1 f4 12. Ne4 fxe3 13. f3 Ne5 14. 0-0 Nbc6 15. Nc2 Bh6 16. Qe2 Bf5 17. Nxe3 Bxe4 1/2-1/2

[Event "Wuerttemberg-ch Seniors op 26th"]
[Site "Freudenstadt"]
[Date "2014.07.18"]
[Round "3"]
[White "Weisenburger, Horst"]
[Black "Reinhold, Klaus"]
[Result "1-0"]
[WhiteElo "2119"]
[BlackElo "2097"]
[PlyCount "60"]
[EventDate "2014.07.16"]
[EventType "swiss"]
[EventRounds "9"]
[EventCountry "GER"]
[SourceTitle "EXT 2019"]
[Source "ChessBase"]
[SourceDate "2018.10.10"]
[SourceVersion "1"]
[SourceVersionDate "2018.10.10"]
[SourceQuality "1"]

1. e4 e5 2. d4 exd4 3. Nf3 Qe7 4. Bd3 Nc6 5. c3 Nf6 6. 0-0 d6 7. Qb3 Ne5 8. Nxe5 dxe5 9. f4 Nd7 10. fxe5 Nc5 11. Qc2 dxc3 12. Nxc3 Qxe5 13. Bb5+ c6 14. Bf4 Qd4+ 15. Kh1 Ne6 16. Rad1 Qc5 17. Rd5 Qe7 18. Bd6 Qh4 19. Bg3 Qh6 20. Rdf5 Nd4 21. Re5+ Be6 22. Qa4 Rd8 23. Bf4 Qf6 24. Nd5 Rxd5 25. exd5 Nxb5 26. dxe6 Bd6 27. exf7+ Kd7 28. Qd1 Rf8 29. Qg4+ Kc7 30. Re8 Qd4 1-0

[Event "Wuerttemberg-ch Seniors op 26th"]
[Site "Freudenstadt"]
[Date "2014.07.17"]
[Round "2"]
[White "Weisenburger, Horst"]
[Black "Hinz, Ekkehard"]
[Result "1-0"]
[WhiteElo "2119"]
[BlackElo "1984"]
[PlyCount "57"]
[EventDate "2014.07.16"]
[EventType "swiss"]
[EventRounds "9"]
[EventCountry "GER"]
[SourceTitle "EXT 2019"]
[Source "ChessBase"]
[SourceDate "2018.10.10"]
[SourceVersion "1"]
[SourceVersionDate "2018.10.10"]
[SourceQuality "1"]

1. g3 e5 2. Bg2 Nc6 3. c4 Nge7 4. Nc3 d6 5. Nf3 g6 6. 0-0 Bg7 7. d3 0-0 8. Bd2 f5 9. Qc1 Nd4 10. b4 Ne6 11. Ng5 f4 12. Nxe6 Bxe6 13. Bxb7 Rb8 14. Bg2 fxg3 15. fxg3 Rxf1+ 16. Qxf1 Qd7 17. Qf2 c6 18. Rf1 d5 19. Na4 Rf8 20. Qe1 Bh3 21. Nc5 Qg4 22. Rxf8+ Bxf8 23. Bxh3 Qxh3 24. Qf2 Bg7 25. Bg5 Nf5 26. Ne6 d4 27. Qf3 h6 28. Qxc6 hxg5 29. Qe8+ 1-0

[Event "Wuerttemberg-ch Seniors op 26th"]
[Site "Freudenstadt"]
[Date "2014.07.16"]
[Round "1"]
[White "Abel, Hans Peter"]
[Black "Weisenburger, Horst"]
[Result "0-1"]
[WhiteElo "1958"]
[BlackElo "2119"]
[PlyCount "82"]
[EventDate "2014.07.16"]
[EventType "swiss"]
[EventRounds "9"]
[EventCountry "GER"]
[SourceTitle "EXT 2019"]
[Source "ChessBase"]
[SourceDate "2018.10.10"]
[SourceVersion "1"]
[SourceVersionDate "2018.10.10"]
[SourceQuality "1"]

1. c4 f5 2. Nc3 Nf6 3. g3 g6 4. Bg2 Bg7 5. d4 d6 6. e3 c6 7. Nge2 0-0 8. 0-0 Qc7 9. b3 Na6 10. Bb2 e5 11. d5 e4 12. dxc6 bxc6 13. Qd2 Nc5 14. Rad1 Rd8 15. Nc1 Ng4 16. Ba3 Nb7 17. N3e2 Be6 18. Bb2 Nc5 19. Bxg7 Qxg7 20. Qd4 Qh6 21. h3 Ne5 22. Qc3 Bf7 23. Nd4 Qg7 24. Qc2 Rac8 25. Qe2 Qh6 26. Rd2 d5 27. cxd5 Bxd5 28. Qd1 Rf8 29. Nce2 g5 30. Nc3 f4 31. exf4 gxf4 32. Nxd5 cxd5 33. gxf4 Rxf4 34. Ne2 Nf3+ 35. Bxf3 Rxf3 36. Rxd5 Nd3 37. Ng3 Qxh3 38. Rg5+ Kf7 39. Qe2 Nf4 40. Rf5+ Qxf5 41. Qxf3 Nh3+ 0-1

[Event "Wch Seniors 23rd"]
[Site "Opatija"]
[Date "2013.11.18"]
[Round "6"]
[White "Trtanj, Zoran"]
[Black "Weisenburger, Horst"]
[Result "0-1"]
[WhiteElo "1986"]
[BlackElo "2141"]
[PlyCount "40"]
[EventDate "2013.11.12"]
[EventType "swiss"]
[EventRounds "11"]
[EventCountry "CRO"]
[SourceTitle "CBM 157 Extra"]
[Source "ChessBase"]
[SourceDate "2013.12.19"]
[SourceVersion "1"]
[SourceVersionDate "2013.12.19"]
[SourceQuality "1"]

1. d4 g6 2. Nf3 Bg7 3. c4 f5 4. Nc3 Nf6 5. g3 d6 6. Bg2 0-0 7. 0-0 Qe8 8. d5 a5 9. Rb1 Na6 10. e4 fxe4 11. Ng5 Bg4 12. Qe1 Nc5 13. Ngxe4 Nfxe4 14. Nxe4 Nxe4 15. Bxe4 Qa4 16. b3 Qxa2 17. f3 Bxf3 18. Rf2 Qxf2+ 19. Qxf2 Bxe4 20. Qa2 Bd4+ 0-1

[Event "Wch Seniors 23rd"]
[Site "Opatija"]
[Date "2013.11.14"]
[Round "3"]
[White "Weisenburger, Horst"]
[Black "Frick, Christoph"]
[Result "0-1"]
[WhiteElo "2141"]
[BlackElo "2254"]
[PlyCount "42"]
[EventDate "2013.11.12"]
[EventType "swiss"]
[EventRounds "11"]
[EventCountry "CRO"]
[SourceTitle "CBM 157 Extra"]
[Source "ChessBase"]
[SourceDate "2013.12.19"]
[SourceVersion "1"]
[SourceVersionDate "2013.12.19"]
[SourceQuality "1"]

1. Nf3 d5 2. g3 Nf6 3. Bg2 c6 4. c4 e6 5. 0-0 Be7 6. d4 Nbd7 7. Qc2 0-0 8. cxd5 exd5 9. Nh4 Re8 10. Nf5 Bf8 11. Nc3 Nb6 12. b3 Be6 13. Nh4 Qd7 14. f3 Rac8 15. Bg5 Be7 16. Qd2 c5 17. e3 cxd4 18. exd4 Bb4 19. Rac1 Qc6 20. Bxf6 gxf6 21. Nxd5 Nxd5 0-1